Your Secret Self (Record no. 2329)

MARC details
000 -LEADER
fixed length control field 00212nam a22000857a 4500
008 - FIXED-LENGTH DATA ELEMENTS--GENERAL INFORMATION
fixed length control field 160712b xxu||||| |||| 00| 0 eng d
100 ## - MAIN ENTRY--PERSONAL NAME
9 (RLIN) 2679
Personal name Koile, E
245 ## - TITLE STATEMENT
Title Your Secret Self
260 ## - PUBLICATION, DISTRIBUTION, ETC. (IMPRINT)
Place of publication, distribution, etc. Texas
Name of publisher, distributor, etc. Word Book
Date of publication, distribution, etc. 1978
Holdings
Withdrawn status Lost status Source of classification or shelving scheme Damaged status Not for loan Home library Current library Shelving location Date acquired Total Checkouts Full call number Barcode Date last seen Date last checked out Price effective from Koha item type
    Dewey Decimal Classification     Good Samaritan School Library Good Samaritan School Library PSYCHOLOGY 07/12/2016 1 150 KOI3267 08/19/2019 08/02/2019 07/12/2016 BOOK

Powered by Koha